Peaceable re-entry and tenant`s right to relief (Record no. 30082)
[ view plain ]
| 000 -LEADER | |
|---|---|
| fixed length control field | 01337cab a2200241 4500 |
| 001 - CONTROL NUMBER | |
| control field | ABS44546 |
| 008 - FIXED-LENGTH DATA ELEMENTS--GENERAL INFORMATION | |
| fixed length control field | 090401t1991 xxu||||| |||| 00| 0 eng d |
| 035 ## - SYSTEM CONTROL NUMBER | |
| System control number | (Sirsi) u47746 |
| 041 ## - LANGUAGE CODE | |
| Language code of text/sound track or separate title | eng |
| 100 ## - MAIN ENTRY--PERSONAL NAME | |
| Personal name | Pearlman, K. |
| 245 ## - TITLE STATEMENT | |
| Title | Peaceable re-entry and tenant`s right to relief |
| 260 ## - PUBLICATION, DISTRIBUTION, ETC. | |
| Date of publication, distribution, etc. | 1991 |
| 350 ## - PRICE (NR) (BK AM CF MU VM SE) [OBSOLETE] | |
| Price | 0 |
| 490 ## - SERIES STATEMENT | |
| Series statement | Estates Gazette |
| Volume/sequential designation | 9118 11 May 1991, 108-112(2) |
| 520 ## - SUMMARY, ETC. | |
| Summary, etc. | A Court of Appeal decision has stated again the law relating to commercial tenants` rights in the event of a landlord re-entering rented premises. Billson v Residential Apartments Ltd (1991) 18 EG 169 makes clear the tenant has no right to relief against forfeiture if the landlord has re-entered having served a valid notice of breach of covenant (other than non-payment of rent). Likewise any mortgagee involved has no right to relief either and will lose his security. The landlord on the other hand, is better off re-entering and forfeiting his lease rather than seeking a repossession order; he just has to ensure no one opposes him when re-entering, and avoid violence. |
| 650 ## - SUBJECT ADDED ENTRY--TOPICAL TERM | |
| Topical term or geographic name entry element | COMMERCIAL LEASES |
| 650 ## - SUBJECT ADDED ENTRY--TOPICAL TERM | |
| Topical term or geographic name entry element | PEACEABLE RE-ENTRY |
| 650 ## - SUBJECT ADDED ENTRY--TOPICAL TERM | |
| Topical term or geographic name entry element | REPOSSESSION |
| 650 ## - SUBJECT ADDED ENTRY--TOPICAL TERM | |
| Topical term or geographic name entry element | BILLSON AND OTHERS V RESIDENTIAL APARTMENTS LTD |
| 690 ## - LOCAL SUBJECT ADDED ENTRY--TOPICAL TERM (OCLC, RLIN) | |
| Topical term or geographic name as entry element | LANDLORD AND TENANT-BUSINESS tENANCIES-CASE LAW |
| 942 ## - ADDED ENTRY ELEMENTS (KOHA) | |
| Suppress in OPAC | 0 |
| 948 ## - LOCAL PROCESSING INFORMATION (OCLC); SERIES PART DESIGNATOR (RLIN) | |
| c (OCLC) | 04/03/1997 |
| Withdrawn status | Lost status | Source of classification or shelving scheme | Damaged status | Not for loan | Home library | Current library | Shelving location | Date acquired | Total Checkouts | Full call number | Barcode | Date last seen | Copy number | Price effective from | Koha item type |
|---|---|---|---|---|---|---|---|---|---|---|---|---|---|---|---|
| Dewey Decimal Classification | London | London | Journal article | 14/09/1999 | ABS44546 | 47746-1001 | 06/08/2019 | 1 | 06/08/2019 | Journal article |